Cancionero andalusí (Record no. 16487)

MARC details
000 -LEADER
campo de control de longitud fija 00807nam a2200241 i 4500
001 - NÚMERO DE CONTROL
campo de control 16487
003 - IDENTIFICADOR DE NÚMERO DE CONTROL
campo de control ES-MaACL
005 - FECHA Y HORA DE LA ÚLTIMA TRANSACCIÓN
campo de control 20250905145718.0
007 - CAMPO FIJO DE DESCRIPCIÓN FÍSICA--INFORMACIÓN GENERAL
campo de control de longitud fija t|
008 - DATOS DE LONGITUD FIJA--INFORMACIÓN GENERAL
campo de control de longitud fija 001002s1996 sp ||||1| spa d
020 ## - NÚMERO INTERNACIONAL ESTÁNDAR DEL LIBRO
Número Internacional Estándar del Libro 84-7517-492-2
080 ## - NÚMERO DE LA CLASIFICACIÓN DECIMAL UNIVERSAL
Número de la Clasificación Decimal Universal 821.411.21(460)-14"11"
100 1# - ENTRADA PRINCIPAL--NOMBRE DE PERSONA
Nombre de persona Ibn Quzman, Muhammad b. Abd al-Malik.
9 (RLIN) 65017
245 10 - MENCIÓN DEL TÍTULO
Título Cancionero andalusí
Resto del título : (edición íntegra de cejeles y fragmentos) /
Mención de responsabilidad, etc. Ibn Quzman ; traducción, introducción y notas de Federico Corriente.
250 ## - MENCION DE EDICION
Mención de edición 3ª ed. corr. y aum.
260 ## - PUBLICACIÓN, DISTRIBUCIÓN, ETC.
Lugar de publicación, distribución, etc. Madrid :
Nombre del editor, distribuidor, etc. Hiperión,
Fecha de publicación, distribución, etc. 1996.
300 ## - DESCRIPCIÓN FÍSICA
Extensión 374 p. ;
Dimensiones 20 cm.
490 1# - MENCIÓN DE SERIE
Mención de serie Poesía Hiperión ;
Designación de volumen o secuencia 146
700 1# - ENTRADA AGREGADA--NOMBRE PERSONAL
Nombre de persona Corriente, Federico,
Fechas asociadas al nombre 1940-
9 (RLIN) 154914
830 0# - PUNTO DE ACCESO ADICIONAL DE SERIE-TÍTULO UNIFORME
Título uniforme Poesía Hiperión ;
Designación de volumen o secuencia 146
9 (RLIN) 177326
852 ## - LOCALIZACIÓN
Ubicación ES-MaACL
Número de control de estantería L-23793
Holdings
Estatus retirado Estado de pérdida Estado de daño No para préstamo Biblioteca de origen Biblioteca actual Ubicación en estantería Fecha de adquisición Fuente de adquisición Total de préstamos Signatura topográfica completa Código de barras Visto por última vez Precio de reemplazo Tipo de ítem Koha
        Biblioteca del Ateneo de Madrid Biblioteca del Ateneo de Madrid Depósito 2 17/01/2008     L-23793 1016749 23/02/2023 23/02/2023 Libro impreso